| LEADER 00000nam 2200000uu 4500 |
| 001 13399112704 |
| 003 BCNR |
| 008 110623s2009||||th 000 0 eng d |
| 020 9780781778992 (alk. paper)
|
| 060 04 WB39^bP964 2009
|
| 245 00 Professional guide to diseases/^cHarold,Catherine,editor
|
| 246 30 Diseases
|
| 250 9th ed.
|
| 260 Philadelphia :^bWolters Kluwer Health/Lippincott Williams& Wilkins,^cc2009
|
| 300 xiv, 1441 p. :^bill. ;^c22 cm.
|
| 504 Includes bibliographical references and index
|
| 650 0 Clinical Medicine^vHandbooks
|
| 650 2 Disease^vHandbooks
|
| 700 0 Harold,Catherine,^eeditor
|
| 999 ^aบรรณารักษ์
|